000 00857cam a22002777a 4500
003 CHAP
005 20220329135655.0
008 971013s1958 r 00010 d
010 _a40334
011 _a41306
035 _a45432
040 _cCHAP
082 _a368.40972
_bM6
100 0 0 _aMoreno Islas, Manuel.
_978639
245 1 3 _aLa extensión del seguro social al campo de México
260 _aMéxico, D.F. :
_bComaval,
_c1958
300 _a197 p.
_b: ilus. ; láms
590 _aBATCH-UPD
_b10
_c20130110
_lUCH01
_h1930
590 _aBATCH-UPD
_b10
_c20130410
_lUCH01
_h1254
590 _aBATCH-UPD
_b10
_c20130914
_lUCH01
_h2005
590 _aCONVERSION
_b10
_c20130109
_lUCH01
_h1322
650 1 4 _aSeguridad social
_zMéxico.
_9103687
901 _aBK
942 _cLIBRO
949 _a368.40972 M6
_bBC
_cLIBRO
_d33724000376414
_eLIBRO
_h35260
_i45432
_si
999 _c40334
_d40334